| 000 | 00493nam a2200181Ia 4500 | ||
|---|---|---|---|
| 008 | 230917s9999||||xx |||||||||||||| ||und|| | ||
| 020 | _cRS399 | ||
| 040 |
_e241637 _aMAIN |
||
| 041 | _aEnglish | ||
| 082 | _a625.79 K115T(9) | ||
| 100 | _aKadiyali, L R | ||
| 245 | 0 | _aTraffic engineering and transport planning | |
| 250 | _a9th ed. | ||
| 260 |
_aNew Delhi _bKhanna Publishers _c2017 |
||
| 300 | _axxiv, 913 p. | ||
| 500 | _a2809 17/08/2017 HBD17/7038 21/08/2017 Main Budget | ||
| 942 | _cBK | ||
| 999 |
_c23527 _d23527 |
||